000 00310nam a2200133Ia 4500
008 150201s2008 xx 000 0 und d
082 _a612.015
_bM02B
100 _aBHAGAVAN NV
245 _aMEDICAL BIOCHEMISTRY
250 _a4TH
260 _bELSEVIER
_aDELHI
_c2008
650 _aBIOCHEMISTRY
942 _2ddc
_cBK
999 _c963
_d963